| 000 | 00421nam a2200145Ia 4500 | ||
|---|---|---|---|
| 008 | 230917s9999||||xx |||||||||||||| ||und|| | ||
| 040 |
_e171548 _aMAIN |
||
| 041 | _aEnglish | ||
| 082 | _a891.432741 PP939S | ||
| 100 | _aप्रियदर्शी प्रकाश | ||
| 245 | 0 | _aसभ्य साँय | |
| 260 |
_aदिल्ली _bसन्मार्ग _c1978 |
||
| 300 | _a75 पृ. p. | ||
| 942 | _cHN | ||
| 999 |
_c182323 _d182323 |
||